| 000 | 01042nas a2200325 4500 | ||
|---|---|---|---|
| 001 | BR2012000740 | ||
| 003 | BR-BrBNA | ||
| 005 | 20231205120105.0 | ||
| 007 | ta | ||
| 008 | 230509b bl.|||p| |||| 00| 00por d | ||
| 040 |
_aBR-BrBNA _bpor _cBiblioteca Nacional de Agricultura |
||
| 041 | _a(Pt) | ||
| 072 | _aH10 | ||
| 100 | 1 | _aPratissoli, D. | |
| 100 | 1 | _aMilanez, A.M. | |
| 100 | 1 | _aCelestina, F.N. | |
| 100 | 1 | _aBarbosa, W.F. | |
| 100 | 1 | _aVianna, U.R. | |
| 100 | 1 | _aPolanczk, R.A. | |
| 100 | 1 | _aZinger, F.D. | |
| 100 | 1 | _aCarvalho, J.R. de | |
| 245 | 1 | _aSeletividade de inseticidas, recomendados para cucurbitáceas para Trichogramma atopovirilia Oatman e Platner (Hymenoptera: Trichogrammatidae)em condições de laboratório | |
| 650 | _aCUCURBITACEAE | ||
| 650 | _aINSETICIDA | ||
| 650 | _aHIMENOPTERO | ||
| 650 | _aCONTROLE BIOLÓGICO | ||
| 773 | 0 |
_tRevista Ceres (Brazil) _xISSN 0034-737X _g(Sep-Oct 2011), v. 58(5) p. 661-664 _wBR2012000740 |
|
| 909 |
_a202311 _bLúcia _c55 _dLúcia Elande |
||
| 942 |
_2AGRIS _n0 _cANA |
||
| 999 |
_c217019 _d217019 |
||